000 00637cam a22002413a 4500
001 23669
003 PGUSA
005 20140828083514.0
008 071201s2007||||xxu|||||s|||||000 1 eng d
040 _aPGUSA
_beng
042 _adc
050 4 _aPS
100 1 _aReynolds, Mack,
_d1917-1983
245 1 0 _aSummit
_h[electronic resource] /
_cMack Reynolds
260 _bProject Gutenberg,
_c2007
506 _aPublic domain in the USA.
516 _aElectronic text
653 _aScience fiction
653 _aShort stories
830 0 _aProject Gutenberg
_v23669
856 4 0 _uhttp://www.gutenberg.org/ebooks/23669
942 _cEB
999 _c252924
_d252924